Conversación en la catedral
Sparad:
| Huvudupphovsman: | |
|---|---|
| Materialtyp: | Bok |
| Språk: | spanska |
| Publicerad: |
Barcelona
Seix Barral
1989
|
| Serie: | Biblioteca Breve Seix Barral
|
| Ämnen: | |
| Taggar: |
Lägg till en tagg
Inga taggar, Lägg till första taggen!
|
MARC
| LEADER | 00000nam a2200000 a 4500 | ||
|---|---|---|---|
| 001 | UCX5991 | ||
| 003 | CL-VaPUC | ||
| 008 | 930329e19890000SP |||||||||||||||||spa|d | ||
| 082 | 0 | 4 | |a Pe863 |b VAR |2 21 |
| 100 | 0 | |a Vargas Llosa, Mario |e author |9 318800 | |
| 245 | 1 | 0 | |a Conversación en la catedral |
| 300 | |a 669 p | ||
| 942 | |c BK | ||
| 945 | |d 19930329 00:00:00 | ||
| 260 | |a Barcelona |b Seix Barral |c 1989 | ||
| 650 | 7 | |a NOVELAS PERUANAS |2 CL-VaPUC |9 322367 | |
| 583 | |a last modification |c 19930329 00:00:00 |k Rodrigo Vera | ||
| 490 | 0 | |a Biblioteca Breve Seix Barral | |
| 999 | |c 226096 |d 226094 | ||
| 952 | |0 0 |1 0 |4 0 |6 PE_863_000000000000000_VAR_1989 |7 0 |8 R |9 224206 |a BIBEDU |b BIBEDU |c MCIRC |d 2019-11-15 |i 3228657 |o Pe863 VAR 1989 |p 3228657 |r 2023-01-13 |w 2019-11-15 |y BK_R |k LIT | ||